| 000 | 00510pab a2200169 454500 | ||
|---|---|---|---|
| 008 | 180718b2015 xxu||||| |||| 00| 0 eng d | ||
| 100 | _aBalasubramanian, Sujata | ||
| 245 | _aIs the PDS already a cash transfer? rethinking India's food subsidy policies | ||
| 260 | _c2015 | ||
| 300 | _ap.642-659. | ||
| 362 | _aJun | ||
| 650 | _aPublic distribution system - India | ||
| 650 | _aFood supply - India | ||
| 650 | _aPublic distribution system | ||
| 773 | _aJournal of Development Studies | ||
| 909 | _a109104 | ||
| 999 |
_c109099 _d109099 |
||